Zavedenie a meranie efektívnosti informačného systému v malom a strednom podniku

Rast výdavkov na nákup IT riešení, pričom sa kladie veľký dôraz na racionalitu a účelnosť nových informačných výdavkov. Zistilo sa, že informačné technológie nevytvárajú novú konkurenčnú výhodu, ale len prehlbujú už existujúce výhody. Kedy zaviesť informačný systém do podniku. Spôsoby merania prínos...

Full description

Saved in:
Bibliographic Details
Main Author: Hanák, Róbert, 1979-
Format: Book Chapter
Language:Slovak
Subjects:
Tags: Add Tag
No Tags, Be the first to tag this record!

MARC

LEADER 00000nla$a2200000$$$4500
001 0066519
005 20240502071806.0
041 0 |a slo 
044 |a SK 
245 1 0 |a Zavedenie a meranie efektívnosti informačného systému v malom a strednom podniku  |c Róbert Hanák 
520 |a Rast výdavkov na nákup IT riešení, pričom sa kladie veľký dôraz na racionalitu a účelnosť nových informačných výdavkov. Zistilo sa, že informačné technológie nevytvárajú novú konkurenčnú výhodu, ale len prehlbujú už existujúce výhody. Kedy zaviesť informačný systém do podniku. Spôsoby merania prínosov informačného systému. Zavedenie informačného systému môže malý podnik plánovať od dosiahnutia určitých hodnôt sledovaných parametrov. Primárnym kritériom je však stav, kedy zavedenie systému zlepší situáciu a zvýši výkon pri stálych zdrojoch. 
610 2 0 |a technológie informačné 
610 2 0 |a meranie produktivity 
610 2 0 |a podnik malý 
610 2 0 |a podnik stredný 
610 2 0 |a systémy informačné podnikové 
100 1 |a Hanák, Róbert, 1979-